Vplyv elektromobility na medzinárodný automobilový priemysel a jej konzekvencie pre čínsky trh, s prihliadnutím na ekonomické záujmy EÚ diplomová práca
Saved in:
| Main Author: | |
|---|---|
| Corporate Author: | |
| Other Authors: | |
| Format: | Book |
| Language: | Slovak |
| Published: |
Bratislava
2020
|
| Tags: |
No Tags, Be the first to tag this record!
|
MARC
| LEADER | 00000nbm a2200000 4500 | ||
|---|---|---|---|
| 001 | 0266290 | ||
| 005 | 20201008083908.3 | ||
| 041 | 0 | |a slo | |
| 044 | |a SK | ||
| 245 | 1 | 0 | |a Vplyv elektromobility na medzinárodný automobilový priemysel a jej konzekvencie pre čínsky trh, s prihliadnutím na ekonomické záujmy EÚ |b diplomová práca |c Michal Ťažký ; školiteľ: Stanislav Zábojník |
| 264 | 1 | |a Bratislava |c 2020 | |
| 300 | |a 84 s. | ||
| 100 | 1 | |a Ťažký, Michal | |
| 700 | 1 | |a Zábojník, Stanislav, 1984- | |
| 710 | 2 | |a Obchodná fakulta EU. Katedra medzinárodného obchodu | |